Oil Well Testing Handbook / (Record no. 6295)
[ view plain ]
| 000 -LEADER | |
|---|---|
| fixed length control field | 01249nac a22002651u 4500 |
| 008 - FIXED-LENGTH DATA ELEMENTS--GENERAL INFORMATION | |
| fixed length control field | 110517s2004 mau|||||r|||| 001 0 eng d |
| 010 ## - LIBRARY OF CONGRESS CONTROL NUMBER | |
| LC control number | 2004270843 |
| 020 ## - INTERNATIONAL STANDARD BOOK NUMBER | |
| International Standard Book Number | 0750677066 |
| 020 ## - INTERNATIONAL STANDARD BOOK NUMBER | |
| International Standard Book Number | 9780750677066 |
| 035 ## - SYSTEM CONTROL NUMBER | |
| System control number | (OCoLC)ocm53389404 |
| 082 00 - DEWEY DECIMAL CLASSIFICATION NUMBER | |
| Classification number | 622.3382 |
| Item number | CHA |
| Edition number | 22 |
| 100 ## - MAIN ENTRY--PERSONAL NAME | |
| Personal name | Chaudhry, Amanat U. |
| 9 (RLIN) | 23882 |
| 245 10 - TITLE STATEMENT | |
| Title | Oil Well Testing Handbook / |
| Statement of responsibility, etc | Amanat U. Chaudhry. |
| 260 ## - PUBLICATION, DISTRIBUTION, ETC. (IMPRINT) | |
| Place of publication, distribution, etc | Burlington, MA : |
| Name of publisher, distributor, etc | Gulf Professional Pub.,2004 |
| Date of publication, distribution, etc | c2004. |
| 300 ## - PHYSICAL DESCRIPTION | |
| Extent | xvii, 670 p. : |
| Other physical details | ill. ; |
| Dimensions | 24 cm. |
| 504 ## - BIBLIOGRAPHY, ETC. NOTE | |
| Bibliography, etc | Includes bibliographical reference (p. 645-659) and index. |
| 511 ## - PARTICIPANT OR PERFORMER NOTE | |
| Participant or performer note | catalogued by: wessam |
| 650 #0 - SUBJECT ADDED ENTRY--TOPICAL TERM | |
| Topical term or geographic name as entry element | Oil wells |
| General subdivision | Testing. |
| 9 (RLIN) | 23883 |
| 653 ## - INDEX TERM--UNCONTROLLED | |
| Resource For college | |
| 856 41 - ELECTRONIC LOCATION AND ACCESS | |
| Materials specified | Table of contents |
| Uniform Resource Identifier | <a href="http://www.loc.gov/catdir/toc/els051/2004270843.html">http://www.loc.gov/catdir/toc/els051/2004270843.html</a> |
| 856 41 - ELECTRONIC LOCATION AND ACCESS | |
| Materials specified | Publisher description |
| Uniform Resource Identifier | <a href="http://www.loc.gov/catdir/description/els051/2004270843.html">http://www.loc.gov/catdir/description/els051/2004270843.html</a> |
| 942 ## - ADDED ENTRY ELEMENTS (KOHA) | |
| Item type | Book - Borrowing |
| Call number prefix | 622.3382CHA |
| Source of classification or shelving scheme | Dewey Decimal Classification |
| Withdrawn status | Item status | Source of classification or shelving scheme | Damaged status | Not for loan | Vendor | Home library | Current library | Shelving location | Date acquired | Source of acquisition | Total Checkouts | Total Renewals | Full call number | Barcode | Date last seen | Date last borrowed | Koha item type |
|---|---|---|---|---|---|---|---|---|---|---|---|---|---|---|---|---|---|
| Dewey Decimal Classification | Central Library | Central Library | Ground Floor | 19/11/2007 | 5 | 5 | 622.3382 CHA | 000007298 | 15/07/2025 | 20/02/2011 | Reference (NB) | ||||||
| Dewey Decimal Classification | Baccah | Central Library | Central Library | Ground Floor | 17/05/2011 | 622.3382 CHA | 000023586 | 15/07/2025 | Reference (NB) |